A concise and practical treatise of the law of vendors and purchasers of estates (Record no. 114040)

MARC details
000 -LEADER
fixed length control field 00581cam a22001935a 4500
001 - CONTROL NUMBER
control field L156112
008 - FIXED-LENGTH DATA ELEMENTS--GENERAL INFORMATION
fixed length control field 120430s1862 xxk f 000 0 eng d
035 ## - SYSTEM CONTROL NUMBER
System control number (Sirsi) u156112
041 0# - LANGUAGE CODE
Language code of text/sound track or separate title eng
100 1# - MAIN ENTRY--PERSONAL NAME
Personal name Sugden, Edward Burtenshaw
Dates associated with a name 1781-1875
245 02 - TITLE STATEMENT
Title A concise and practical treatise of the law of vendors and purchasers of estates
250 ## - EDITION STATEMENT
Edition statement 14th ed.
260 ## - PUBLICATION, DISTRIBUTION, ETC.
Place of publication, distribution, etc. London
Name of publisher, distributor, etc. H. Sweet
Date of publication, distribution, etc. 1862
300 ## - PHYSICAL DESCRIPTION
Extent lxxix, 887 p.
Dimensions 25 cm.
583 ## - ACTION NOTE
Action Condition reviewed
Time/date of action 20120620
Status condition level 1
651 #4 - SUBJECT ADDED ENTRY--GEOGRAPHIC NAME
Geographic name Great Britain
Chronological subdivision 1707-
690 ## - LOCAL SUBJECT ADDED ENTRY--TOPICAL TERM (OCLC, RLIN)
Topical term or geographic name as entry element Sales
9 (RLIN) 6269
942 ## - ADDED ENTRY ELEMENTS (KOHA)
Suppress in OPAC 0
Holdings
Withdrawn status Lost status Source of classification or shelving scheme Damaged status Not for loan Home library Current library Shelving location Date acquired Total Checkouts Full call number Barcode Date last seen Copy number Price effective from Koha item type
    Dewey Decimal Classification     Historic collection Historic collection Historic collection 30/04/2012   QUARTO 1862 SUGDEN 30077981 06/08/2019 1 06/08/2019 Book